000 00680nam a2200205Ia 4500
003 GCL
008 140319s9999 xx 000 0 ara d
040 _aGCL /
_cGCL
082 0 4 _a811.0099
_bى م
100 1 _aيوسف اليوسف
245 1 0 _aمقالات فى الشعر الجاهلى (هدية من الاديب عبدالفتاح الجمل) /
_cيوسف اليوسف
300 _a361 ص
490 _a
650 0 4 _aالرثاء
650 0 4 _aالادب العربى - تاريخ ونقد
650 0 4 _aالادب العربى - العصر الجاهلى
650 0 4 _aلامية العرب
650 0 4 _aطه حسين - تاريخ ونقد
942 _2ddc
_cBK
999 _c39825
_d39825